Meilleur Buteur de chaque Coupe du Monde - Statistiques

Statistiques générales
  • Ce quiz a été pris 534 fois
  • Le résultat moyen est 8 sur 21
Statistiques - réponses
Coupe du Monde Meilleur buteur Nationalité du joueur % Correct
2018 Harry Kane Angleterre
94%
2002 Ronaldo Brésil
94%
2014 James Rodriguez Colombie
88%
2006 Miroslav Klose Allemagne
86%
1958 Just Fontaine France
68%
1998 Davor Suker Croatie
59%
1966 Eusébio Portugal
56%
1994 Oleg Salenko / Hristo Stoichkov Russie / Bulgarie (2joueurs)
45%
1962 Garrincha Brésil
38%
1982 Paolo Rossi Italie
30%
1986 Gary Lineker Angleterre
28%
2010 Thomas Muller Allemagne
23%
1978 Mario Kempes Argentine
21%
1970 Gerd Muller Allemagne
20%
1974 Grzegorz Lato Pologne
9%
1954 Sandor Kocsis Hongrie
9%
1990 Toto Schillaci Italie
9%
1938 Leônidas Brésil
6%
1950 Ademir Brésil
5%
1930 Guillermo Stabile Argentine
5%
1934 Oldřich Nejedlý Tchécoslovaque
2%
Aucun quiz correspondant
Distribution des résultats
% des personnes avec chaque résultat
Percentile par nombre de réponses
Votre historique - résultats
Vous n’avez pas pris ce quiz